Most streamed songs : Justin Timberlake - Statistics

General Stats
  • This quiz has been taken 68 times
  • The average score is 6 of 10
Answer Stats
Streams Song % Correct
1 755 500 000 CAN'T STOP THE FEELING
89%
884 000 000 SexyBack (feat. Timbaland)
88%
581 000 000 Cry Me a River
81%
1 066 500 000 Mirrors
79%
631 000 000 Rock Your Body
67%
387 500 000 What Goes Around.../...Comes Around (Interlude)
65%
399 000 000 My Love (feat. T.I.)
49%
510 000 000 Say Something (feat. Chris Stapleton)
40%
348 500 000 Love Never Felt So Good (with Michael Jackson)
19%
332 000 000 Holy Grail (with JAY-Z)
14%
No matching quizzes found
Score Distribution
Percent of People with Each Score
Percentile by Number Answered
Your Score History
You have not taken this quiz